Hypercard and apple share help at-risk students (Record no. 70007)

MARC details
000 -CABECERA
campo de control de longitud fija 00559nam a2200205 a 4500
005 - FECHA Y HORA DE LA ÚLTIMA TRANSACCIÓN
campo de control 20210223123926.0
008 - ELEMENTOS DE LONGITUD FIJA--INFORMACIÓN GENERAL
campo de control de longitud fija 991125n 000 0 u
035 ## - NÚMERO DE CONTROL DEL SISTEMA
Número de control de sistema UPN01000081569
100 1# - ASIENTO PRINCIPAL--NOMBRE PERSONAL
Nombre de persona Jensen, Eric
9 (RLIN) 35341
222 #0 - TÍTULO CLAVE
Título clave COMPUTING TEACHER
245 #0 - MENCIÓN DE TÍTULO
Título Hypercard and apple share help at-risk students
300 ## - DESCRIPCIÓN FÍSICA
Extensión 26-29
362 ## - FECHAS DE PUBLICACIÓN Y/O DESIGNACIÓN SECUENCIAL
Fecha de publicación y/o designación secuencial 18, No. 6, 1991
505 ## - NOTA DE CONTENIDO CON FORMATO PREESTABLECIDO
Nota de contenido con formato Julio 1991
653 0# - TERMINO DE INDIZACION - NO CONTROLADO
Término no controlado DISEÑO ASISTIDO POR ORDENADOR
653 0# - TERMINO DE INDIZACION - NO CONTROLADO
Término no controlado ESTUDIANTES DE ALTO RIESGO
653 0# - TERMINO DE INDIZACION - NO CONTROLADO
Término no controlado MICROCOMPUTADORAS
904 ## - ELEMENTOS DE DATOS D LOCAL, LDD (RLIN)
a AC
b 019380
905 ## - TIPO DE MATERIAL
Tipo de material Articulo

No items available.